Is there life after death? / (Record no. 1123)

MARC details
000 -LEADER
fixed length control field 00764cam a2200253 i 4500
001 - CONTROL NUMBER
control field 3667600
003 - CONTROL NUMBER IDENTIFIER
control field GBCCL
005 - DATE AND TIME OF LATEST TRANSACTION
control field 20241126110354.0
008 - FIXED-LENGTH DATA ELEMENTS--GENERAL INFORMATION
fixed length control field 780111s1977 cau b 000 0 eng
010 ## -
-- 77075410
020 ## - INTERNATIONAL STANDARD BOOK NUMBER
International Standard Book Number 0890810265 :
Terms of availability $2.95
040 ## - CATALOGING SOURCE
Original cataloging agency DLC
Transcribing agency DLC
Modifying agency DLC
050 00 -
-- BT902
-- .W44
082 00 - DEWEY DECIMAL CLASSIFICATION NUMBER
Classification number 236.2
Item number WEL
100 1# - MAIN ENTRY--PERSONAL NAME
Personal name Weldon, John.
9 (RLIN) 2017
245 10 - TITLE STATEMENT
Title Is there life after death? /
Statement of responsibility, etc. By John Weldon and Zola Levitt.
260 ## - PUBLICATION, DISTRIBUTION, ETC.
Place of publication, distribution, etc. Irvine, Calif. :
Name of publisher, distributor, etc. Harvest House,
Date of publication, distribution, etc. c1977.
300 ## - PHYSICAL DESCRIPTION
Extent 148 p. ;
Dimensions 21 cm.
504 ## - BIBLIOGRAPHY, ETC. NOTE
Bibliography, etc. note Includes bibliographical references.
650 #0 - SUBJECT ADDED ENTRY--TOPICAL TERM
Topical term or geographic name entry element Future life
General subdivision Christianity.
9 (RLIN) 2018
700 1# - ADDED ENTRY--PERSONAL NAME
Personal name Levitt, Zola,
Relator term joint author.
9 (RLIN) 2019
906 ## - LOCAL DATA ELEMENT F, LDF (RLIN)
a 7
b cbc
c orignew
d 2
e opcn
f 19
g y-gencatlg
942 ## - ADDED ENTRY ELEMENTS (KOHA)
Source of classification or shelving scheme Dewey Decimal Classification
Koha item type Books
Koha issues (borrowed), all copies 2
Holdings
Withdrawn status Lost status Source of classification or shelving scheme Damaged status Not for loan Home library Current Library Shelving location Date acquired Total checkouts Full call number Barcode Date last seen Date last checked out Copy number Price effective from Koha item type
    Dewey Decimal Classification     GRACE BIBLE COLLEGE GRACE BIBLE COLLEGE Theology 2017-04-17 3 236.2 WEL 003236 2026-01-19 2026-01-15 c.1 2017-04-17 Books
© Grace Bible College Library 2025